Los niños con deficiencias auditivas

Kaydedildi:
Detaylı Bibliyografya
Yazar: Lafon, Jean-Claude (Yazar)
Materyal Türü: Kitap
Dil:İspanyolca
Baskı/Yayın Bilgisi: Barcelona Masson 1987
Konular:
Etiketler: Etiketle
Etiket eklenmemiş, İlk siz ekleyin!

MARC

LEADER 00000nam a2200000 a 4500
001 UCQ9409
003 CL-VaPUC
008 981230e19870000SP |||||||||||||||||spa|d
082 0 4 |a 371.912  |b LAF  |2 21 
100 0 |a Lafon, Jean-Claude  |e author  |9 423936 
245 1 4 |a Los niños con deficiencias auditivas 
300 |a 198 p 
942 |c BK 
945 |d 19981230 00:00:00  |a aarredon 
260 |a Barcelona  |b Masson  |c 1987 
650 0 |a Educación especial  |9 307486 
650 0 |a Educación de sordos  |9 308353 
650 7 |a SORDERA  |2 CL-VaPUC  |9 311920 
650 7 |a NIÑOS IMPEDIDOS FISICAMENTE  |2 CL-VaPUC  |9 308354 
650 0 |a Lenguaje   |9 265069 
650 0 |a Comunicación   |9 257251 
583 |a last modification  |c 19981230 00:00:00  |k Rodrigo Vera 
999 |c 278420  |d 278418 
952 |0 0  |1 0  |4 0  |6 371_912000000000000_LAF_1987  |7 0  |8 A  |9 316936  |a BIBEDU  |b BIBEDU  |c ES_NOD  |d 2019-11-20  |i 3494160  |o 371.912 LAF 1987  |p 3494160  |r 2023-08-09  |w 2019-11-20  |y BK  |k BME 
952 |0 0  |1 0  |4 0  |6 371_912000000000000_LAF_1987  |7 0  |8 A  |9 316937  |a BIBEDU  |b BIBEDU  |c ES_NOD  |d 2019-11-20  |i 3495183  |o 371.912 LAF 1987  |p 3495183  |r 2023-08-09  |w 2019-11-20  |y BK  |k BME 
952 |0 0  |1 0  |4 0  |6 371_912000000000000_LAF_1987  |7 0  |8 A  |9 316938  |a BIBEDU  |b BIBEDU  |c ES_NOD  |d 2019-11-20  |i 3661903  |o 371.912 LAF 1987  |p 3661903  |r 2023-08-09  |w 2019-11-20  |y BK  |k BME